| 000 | 00967nam0a22002411 4500 | ||
|---|---|---|---|
| 001 | rc\2658493 | ||
| 005 | 20250529193128.0 | ||
| 035 | _a(NLR Aleph) 006965662 | ||
| 090 |
_a5389128 _c5389128 |
||
| 100 | _a20110615d1930 |||y0rusy50 ca | ||
| 101 | 0 | _arus | |
| 102 | _aRU | ||
| 105 | _aa z ||||| | ||
| 200 | 1 | _aОсновы технологии топлива | |
| 210 |
_aМосква _cЦентр. ин-т повышения квалификации _d1930 _gМосполиграф _g10-я тип. "Заря коммунизма" |
||
| 215 |
_a47 с. _cил., черт., схем. _d25х17 см |
||
| 225 | 1 |
_aКурс энергетического хозяйства _fИн-т заоч. обучения ВСНХ СССР. Пром. акад. Заоч. курсы _vВып. 1 |
|
| 700 | 1 |
_aЛетник _bА.Л. _gАлександр Львович |
|
| 801 | 0 |
_aRU _bNLR _gpsbo |
|
| 801 | 1 |
_aRU _bELAR _2rusmarc |
|
| 852 |
_aNLR _j31-19/161(1) |
||
| 942 | _cBOOK | ||
| 980 | _aNB | ||